Hydrothermol experimental techniques
| Other Authors: | , |
|---|---|
| Format: | Book |
| Published: |
New York :
John Wiley and Sons ,
1987
|
| Subjects: |
MARC
| LEADER | 00000cam a2200000 7i4500 | ||
|---|---|---|---|
| 001 | 0000003200 | ||
| 005 | 20050425.0 | ||
| 020 | |a 0471821454 | ||
| 040 | |a INS | ||
| 090 | 0 | 0 | |a QC281. |b H93 1987 |
| 245 | 1 | 0 | |a Hydrothermol experimental techniques |c edited by Gene Corleton Ulmer |
| 260 | |a New York : |b John Wiley and Sons , |c 1987 | ||
| 300 | |a xv, 523p. ; |c 24 cm. | ||
| 500 | |a Includes index | ||
| 650 | 0 | 0 | |a High preassure measurements |
| 650 | 0 | 0 | |a Pyrometers and pyrometry |
| 700 | 1 | |a Barnes, Hubert Llyod | |
| 700 | 1 | |a Ulmer, Gene Carleton | |
| 999 | |a 0000004207 |b BOOK |c Open Shelf |e Default branch | ||